000 00315nam a2200121Ia 4500
005 20251222140039.0
008 251222s1900||||xx |||||||||||||| ||spa||
082 _a149.7/R76
100 _aRodriguez Rivas, Miguel Ángel
245 0 _aEn los Umbrales de la Racionalidad Epistemica
264 _bCONCYTEC
942 _cLIB
999 _c3239
_d3239